Countries With the Word “Me” in Their Names - Statistics

General Stats
  • This quiz has been taken 72 times
  • The average score is 6 of 8
Answer Stats
Continent Countries % Correct
North America Mexico
93%
South America Suriname
84%
North America United Statesof America
74%
Asia Yemen
70%
Asia Turkmenistan
65%
Asia Armenia
61%
Africa Cameroon
54%
Africa São ToméAnd Principe
53%
No matching quizzes found
Score Distribution
Percent of People with Each Score
Percentile by Number Answered
Your Score History
You have not taken this quiz